000 00778nam a22002657a 4500
001 20858
003 UA-OsUOA
005 20260304101417.0
007 ta
008 20031105b un ||||| |||| 00| 0 ukr d
020 _a5777301185
040 _aUA-OsUOA
_bukr
_cUA-OsUOA
_dUA-OsUOA
041 _aukr
044 _aUA
080 _a94(477).044:929
090 _a94 (477).044:929
_bГ75
100 _aГрабовецький В.
_923110
245 _aОлекса Довбуш (1700–1745)
_cВолодимир Грабовецький
260 _aЛьвів
_bСвіт
_c1994
300 _a272 с.
650 7 _2UDC
_a94(477) Історія України
_940
942 _cBK
_2udc
955 _a1
999 _c307043
_d307043